| 000 | 00642nam a22002057a 4500 | ||
|---|---|---|---|
| 999 |
_c190056 _d190056 |
||
| 005 | 20220718112412.0 | ||
| 010 | _aENG-133619 | ||
| 020 |
_a9789390961580 _c399.00 |
||
| 035 | _aEN-117151 | ||
| 037 | _bDBAD/PUB | ||
| 082 | _aN | ||
| 100 | _aGokhale,Manasi | ||
| 245 |
_aCheating Covid: _ba family's journey to hell and back/ _cby Manasi,Gokhale;Rohan Bavadekar and Sharmistha Chaudhuri |
||
| 260 |
_aNew Delhi _bVitasta Publishing _c2022 |
||
| 270 |
_a2/15,Ansari Road Daryaganj, _bNew Delhi _e110002 |
||
| 300 |
_a224p.: _c22cm(pbk) _bill |
||
| 700 | _aBavadekar ,Rohan | ||
| 700 | _aChaudhuri,Sharmistha | ||
| 942 |
_2ddc _cEN _hN _mGOK |
||